Nghiên cứu con người và nguồn nhân lực đi vào công nghiệp hoá, hiện đại hoá

Guardado en:
Detalles Bibliográficos
Autor principal: Phạm Minh Hạc
Formato: Libro
Publicado: Chính trị quốc gia 2001
Etiquetas: Agregar Etiqueta
Sin Etiquetas, Sea el primero en etiquetar este registro!
Thư viện lưu trữ: Mạng thư viện Đại học Đà Nẵng
LEADER 00628nam a2200229 a 4500
001 000029370
003 11942
005 20171030145630.0
008 171030s2001
020 |c 31500 
040 |a LTT 
082 0 |a 331.11  |b PH-H 
100 1 |a Phạm Minh Hạc 
245 0 0 |a Nghiên cứu con người và nguồn nhân lực đi vào công nghiệp hoá, hiện đại hoá  |c Phạm Minh Hạc. 
260 |b Chính trị quốc gia  |c 2001 
OWN |a LTT 
999 |a From the UDN01 
TYP |a Monograph 
TYP |a Printed language 
980 |a Mạng thư viện Đại học Đà Nẵng